Представление документа в формате RUSMARC

ПолеНазваниеЗначение
  Тип записи a
  Библиографический уровень m
001 Контрольный номер RU/REG73/CBS_GRAD/654540449
005 Дата корректировки 20221122154919.8
101 Язык документа __
a Язык текста rus
200 Заглавие и сведения об ответственности __
a Заглавие Рассказы об открытках
f Первые сведения об ответственности Яков Белицкий, Георгий Глезер
b Общее обозначение материала Текст
203 Вид содержания и тип средства __
a Вид содержания Текст (визуальный) : непосредственный
210 Выходные данные __
a Место издания Москва
c Издательство Радио и связь
d Дата издания 1986
215 Физическое описание __
a Объем 144 с.: ил.
610 Ключевые слова __
a Ключевые слова об открытках
686 Индексы других классификаций __
a Классификационный индекс 76.1
700 Автор __
a Фамилия Белицкий
g Полное личное имя Яков Миронович
801 Источник записи _0
a Страна RU
b Организация RuCBSGrad
g Правила каталогизации PSBO
801 Источник записи _1
a Страна RU
b Организация RuCBSGrad
g Правила каталогизации PSBO
901 Тип документа __
t Тип документа m
981 __
b i
g e
2 isbdcontent
982 __
b n
2 isbdmedia
993 __
a 17916
b 7483
c Ретро
e 67310
f ЦГДБ
h 0.80
i 67310
m 1
n 44101.578565
o I
x 1
y 1
z 76.1